Ek tari Ovi Anubhavavi...! (Record no. 364722)

MARC details
000 -LEADER
fixed length control field 004160000a22001690004500
005 - DATE AND TIME OF LATEST TRANSACTION
control field 20120302065418.0
040 ## - CATALOGING SOURCE
Original cataloging agency Mar
100 ## - MAIN ENTRY--PERSONAL NAME
Personal name Chowdhari, Nanasaheb
245 ## - TITLE STATEMENT
Title Ek tari Ovi Anubhavavi...!
250 ## - EDITION STATEMENT
Edition statement 1st
260 ## - PUBLICATION, DISTRIBUTION, ETC. (IMPRINT)
Place of publication, distribution, etc Mumbai:Dhavale, 2007
300 ## - PHYSICAL DESCRIPTION
Extent Sola; 112p..-ill
365 ## - TRADE PRICE
Price amount $3/-
490 ## - SERIES STATEMENT
Series statement 1150
650 ## - SUBJECT ADDED ENTRY--TOPICAL TERM
Topical term or geographic name as entry element Vaicharik, Dnyaneshwari va geetetil kahi ovyanche nirupan
942 ## - ADDED ENTRY ELEMENTS (KOHA)
Koha item type Book
Holdings
Withdrawn status Lost status Damaged status Not for loan Home library Current library Date acquired Total Checkouts Barcode Date last seen Price effective from
        Institute For Oriental Study, Thane Institute For Oriental Study, Thane 12/02/2009   IOS-M 25778 12/02/2009 12/02/2009